| 000 | 00357 a2200169 4500 | ||
|---|---|---|---|
| 001 | 186385 | ||
| 020 | _a978-85-08-10271-6 | ||
| 040 | _cMagnum | ||
| 100 | _aBandeira, Pedro | ||
| 240 | 1 | 0 |
_aA menina danadinha _lpor |
| 245 | 1 | 0 | _aA menina danadinha |
| 300 | _a63 | ||
| 362 | 0 | _a2007 | |
| 440 | 1 | _aÁtica | |
| 697 | _aLITERATURA INFANTO | ||
| 942 | _cBK | ||
| 999 |
_c186385 _d186385 |
||